Geography Quiz

Random Geography or Blitz Quiz

Click Me a River Quiz Stats

 Plays Quiz Updated Sep 9, 2015

Also try: River Countries
Challenge
Share
Tweet
Embed
Score 0/20 Timer 01:00
0 Plays Today
% Correct
Nile
96.2%
Amazon
95.8%
Mississippi
94.3%
Danube
91.5%
Ganges
90.6%
Tigris
90.1%
Yangtze
89.7%
Rio Grande
89.5%
Euphrates
88.1%
Seine
87.6%
% Correct
Congo
84.5%
Tiber
82.8%
Mekong
82.2%
Volga
80%
St. Lawrence
76.2%
Zambezi
75.6%
Niger
72.6%
Heilong
66.9%
Orange
60.2%
São Francisco
48.1%

You're not logged in!

Compare scores with friends on all Sporcle quizzes.
Join for Free
OR
Log In

You Might Also Like...

Show Comments

Extras

Top Quizzes Today


Score Distribution

Your Account Isn't Verified!

In order to create a playlist on Sporcle, you need to verify the email address you used during registration. Go to your Sporcle Settings to finish the process.

Report this User

Report this user for behavior that violates our Community Guidelines.

Details: